La educación en la Vega / (Registro nro. 12664)

Detalles MARC
000 -LIDER
fixed length control field 01100nam a2200265 a 4500
001 - NÚMERO DE CONTROL
Identificador de número de control 000047449
003 - IDENTIFICACDOR DE NÚMERO DE CONTROL
control field DO-SdBNP
005 - DATE AND TIME OF LATEST TRANSACTION
control field 20221004093439.0
008 - ELEMENTOS DE LONGITUD FIJA
fixed length control field 180530s2016 dr a 000 spa d
020 ## - ISBN
International Standard Book Number 9789945588835
040 ## - FUENTE DE CATALOGACIÓN
Agencia que crea de manera original el registro DO-SdBNP
Idioma de catalogación spa
Agencia que realiza la transcripción BPMSU
082 ## - NÚMERO DE CLASIFICACIÓN DECIMAL DE DEWEY
Classification number 370.97293697
Item number H557e 2016
Edition number 22
100 1# - ASIENTO PRINCIPAL -- NOMBRE PERSONAL
Nombre personal Hernández, Alfredo Rafael
245 13 - MENCIÓN DE TITULO
Título La educación en la Vega /
Subtítulo Alfredo Rafael Hernández.
260 ## - PUBLICACIÓN, DISTRIBUCIÓN, ETC. (PIE DE IMPRENTA)
Lugar de publicación, distribución, etc Santo Domingo :
Nombre del editor, distribuidor, etc. Dirección General de la Feria del Libro,
Fecha de publicación, distribución, etc 2016.
300 ## - DESCRIPCIÓN FÍSICA
Extensión 338 p. :
Otros detalles físicos il ;
Dimensiones 23 cm.
500 ## - NOTA GENERAL
Materiales especificados Incluye referencias bibliográficas y notas al pie de las páginas
505 0# - NOTA DE CONTENIDO
Texto normalizado de contenido La educación en la Vega es un ensayo enjundioso resultado de las prolongadas investigaciones que su autor se ha mantenido realizando en el Archivo General de la Nación por varios años.
590 ## - NOTA LOCAL
Texto de la nota local Inventariado,2022/VM
650 #4 - ENCABEZAMIENTO DE MATERIA--TEMÁTICO
Término temático o nombre geográfico como elemento de entrada Educación
Subdivisión geográfica La Vega (República Dominicana)
Subdivisión temática general Historia
650 #4 - ENCABEZAMIENTO DE MATERIA--TEMÁTICO
Término temático o nombre geográfico como elemento de entrada Escuelas normales
Subdivisión geográfica La Vega (República Dominicana)
Subdivisión temática general Historia
650 #4 - ENCABEZAMIENTO DE MATERIA--TEMÁTICO
Término temático o nombre geográfico como elemento de entrada Educación
Subdivisión temática general Investigaciones.
910 ## - VALIDACIÓN
Validación VMateo V./Validado
942 ## - ADDED ENTRY ELEMENTS (KOHA)
Source of classification or shelving scheme Dewey Decimal Classification
Koha item type Libros
Existencias
Withdrawn status Lost status Source of classification or shelving scheme Damaged status Not for loan Collection code Home library Current library Date acquired Source of acquisition Full call number Barcode Date last seen Price effective from Koha item type
    Dewey Decimal Classification     Colección Dominicana Biblioteca Pública Metropolitana Salomé Ureña Biblioteca Pública Metropolitana Salomé Ureña 10/20/2017 FERILIBRO BPMSU CD 370.97293697 H557e 2016 BPMSU17100110 10/20/2017 10/20/2017 Libros